[Event "Spring Festival 15th"]
[Site "Budapest"]
[Date "1999.03.18"]
[Round "2"]
[White "Semenova, Irina"]
[Black "Schubert, Gerhard"]
[Result "1/2-1/2"]
[WhiteElo "2268"]
[BlackElo "2105"]

1.e4 d6 2.d4 Nf6 3.Nc3 c6 4.Nf3 Bg4 5.h3 Bh5 6.Bd3 e6 7.O-O Be7 8.a4 d5 9.e5 Nfd7
10.Ne2 c5 11.Ng3 Bxf3 12.Qxf3 cxd4 13.Qe2 Nc6 14.f4 g6 15.Bd2 Qc7 16.c4 dxc3
17.bxc3 Na5 18.Rab1 Nc4 19.Bxc4 Qxc4 20.Qxc4 dxc4 21.Be3 b6 22.Rfd1 Bc5 23.Bxc5 Nxc5
24.a5 Rb8 25.axb6 axb6 26.Rd6 Nd7 27.Rc6 b5 28.Ne4 Ke7 29.Nd6 f6 30.exf6+ Nxf6
31.Rxb5 Nd5 32.Rxb8 Rxb8 33.Nxc4 Nxf4 34.Rc7+ Kf6 35.Rxh7 Ne2+ 36.Kf2 Nxc3
37.Ne3 Rb2+ 38.Kf3 Rb3 39.Ng4+ Kf5 40.Rf7+ Kg5  1/2-1/2

[Event "Spring Festival 15th"]
[Site "Budapest"]
[Date "1999.03.19"]
[Round "3"]
[White "Berczes, Cs"]
[Black "Szirmai, Eduard"]
[Result "0-1"]
[WhiteElo "2146"]
[BlackElo "2208"]

1.e4 d6 2.d4 Nf6 3.Nc3 c6 4.Bg5 h6 5.Bh4 Qb6 6.Rb1 Qa5 7.Qd2 Nbd7 8.Nf3 e5
9.Be2 Be7 10.O-O Qc7 11.Bg3 O-O 12.Nh4 Re8 13.Nf5 Bf8 14.f3 Nh5 15.Bf2 Nf4
16.dxe5 Nxe2+ 17.Nxe2 dxe5 18.Rfd1 Nb6 19.Ne3 Be6 20.b3 a5 21.a4 Nd7 22.c4 Nc5
23.Qc2 Na6 24.Nc1 Nb4 25.Qc3 Rad8 26.Nd3 Nxd3 27.Rxd3 Bb4 28.Qc2 Rxd3 29.Qxd3 Rd8
30.Qf1 Rd2 31.Rd1 Qd6 32.Rxd2 Qxd2 33.Qd1 Qxd1+ 34.Nxd1 b5 35.Ne3 bxa4 36.bxa4 Bd7
37.Nc2 c5 38.Nxb4 cxb4 39.Be1 Kf8 40.Kf2 Bxa4 41.Ke3 Ke7 42.Kd3 Kd6 43.Bd2 Bd7
44.Be3 Kc6 45.Bd2 Be6 46.Bc1 Kb6 47.Be3+ Ka6 48.Bd2 f6 49.h3 h5 50.h4 g6
51.Be1 Kb6 52.Bf2+ Kc6 53.Be3 f5 54.exf5 Bxf5+ 55.Ke2 a4 56.Kd2 a3 57.Kc1 b3
58.Bd4 exd4  0-1

[Event "MI Festival"]
[Site "Bucharest"]
[Date "1999.03.20"]
[Round "1"]
[White "Florescu, Codrut"]
[Black "Kostic, Nebojsa"]
[Result "1/2-1/2"]
[WhiteElo "2312"]
[BlackElo "2341"]

1.e4 d6 2.d4 Nf6 3.Nc3 e5 4.Nf3 Nbd7 5.g3 Be7 6.Bg2 O-O 7.O-O c6 8.a4 Re8
9.h3 b6 10.b3 Qc7 11.Bb2 Nf8 12.Qd2 Ng6 13.Rfe1 a6 14.Nd1 Bf8 15.c4 Bb7 16.d5 b5
17.Nc3 b4 18.Na2 a5 19.Nc1 Nd7 20.Nd3 cxd5 21.cxd5 Rac8 22.h4 Be7 23.Bh3 Ngf8
24.Rac1 Qb8 25.Qe3 Rxc1 26.Rxc1 Rc8 27.Nd2 Rxc1+ 28.Bxc1 Ba6 29.Nb2 Bd8 30.Nbc4 Qc7
31.Bb2 Nc5 32.Bf1 Nfd7 33.Qf3 Be7 34.Qd1 g6 35.Qc2 Bf8 36.Ne3 Bxf1 37.Kxf1 Bh6
38.Ndc4 Bxe3 39.Nxe3 Nb6 40.Ke2 Kf8 41.Nf1 Qc8 42.Ne3 Ke7 43.Kd2 f6 44.Ke2 Qh3
45.Nf1 Qg4+ 46.f3 Qh3 47.Kf2 f5 48.Bxe5 fxe4 49.fxe4 Qh1 50.Nd2 Qh2+ 51.Kf3 Qh1+
52.Kf2 Qh2+ 53.Kf3 Qh1+  1/2-1/2

[Event "MI Festival"]
[Site "Bucharest"]
[Date "1999.03.20"]
[Round "1"]
[White "Grigore, Nicolae Petre"]
[Black "Covlea, Vlad"]
[Result "0-1"]
[WhiteElo "2285"]
[BlackElo "2293"]

1.e4 d6 2.d4 Nf6 3.Nc3 c6 4.Nf3 Bg4 5.Be2 Nbd7 6.O-O e5 7.Be3 Be7 8.h3 Bh5
9.Nd2 Bxe2 10.Qxe2 O-O 11.Rfd1 b5 12.a4 b4 13.Na2 d5 14.dxe5 Nxe5 15.f4 Ng6
16.e5 Nd7 17.Nf3 Qa5 18.Nc1 Bc5 19.Nd3 Ne7 20.Nxc5 Nxc5 21.Nd4 Ne4 22.Nb3 Qc7
23.Nc5 Nxc5 24.Bxc5 a5 25.Qg4 Rfe8 26.f5 Qxe5 27.Re1 Qf6 28.Bd4 Qh6 29.f6 Ng6
30.Rxe8+ Rxe8 31.Qd7 Rb8 32.Rf1 Qd2 33.Ba7 Rf8 34.fxg7 Kxg7 35.Bc5 Rh8 36.Qxf7+ Kh6
37.Qf3 d4 38.Rf2 Qe1+ 39.Kh2 Qe5+ 40.Kh1 Qxc5 41.Qg4 Rf8  0-1

[Event "Novgorod op"]
[Site "Novgorod"]
[Date "1999.03.20"]
[Round "2"]
[White "Kondenko, Alexey"]
[Black "Chuprov, Dmitry"]
[Result "1-0"]
[WhiteElo "2254"]
[BlackElo "2400"]

1.e4 d6 2.d4 Nf6 3.Nc3 c6 4.a4 e5 5.Nf3 Nbd7 6.Bc4 Be7 7.O-O O-O 8.Ba2 a5
9.Be3 Ng4 10.Bd2 exd4 11.Nxd4 Nc5 12.h3 Nf6 13.Qf3 Qb6 14.Rfe1 Re8 15.Rad1 Bd7
16.Bc1 Rad8 17.Bc4 Bc8 18.Bg5 h6 19.Bf4 Bf8 20.Bxh6 Ncd7 21.Bc1 Ne5 22.Qe2 Nxc4
23.Qxc4 g6 24.Qd3 Bg7 25.b3 Nh7 26.Be3 Qc7 27.Qd2 Qe7 28.Nde2 Qh4 29.Ng3 Be5
30.Nce2 d5 31.Qxa5 Nf6 32.f4 Bb8 33.Bf2 Bxf4 34.Nf1 Qh6 35.Nxf4 Qxf4 36.Bg3 Qg5
37.exd5 Ne4 38.Rd3 cxd5 39.Bc7 Rd7 40.Bb6 Rde7 41.Rxd5 Bf5 42.Bd8 Qf4 43.Bxe7 Qf2+
44.Kh2 Qf4+ 45.Kh1 Bxh3 46.Rd3 b6 47.Qxb6  1-0

[Event "MI Festival"]
[Site "Bucharest"]
[Date "1999.03.21"]
[Round "2"]
[White "Velcheva, Maria"]
[Black "Kostic, Nebojsa"]
[Result "1/2-1/2"]
[WhiteElo "2283"]
[BlackElo "2341"]

1.e4 d6 2.d4 Nf6 3.Nc3 e5 4.Nf3 Nbd7 5.Bc4 Be7 6.Ng5 O-O 7.Bxf7+ Rxf7 8.Ne6 Qe8
9.Nxc7 Qd8 10.Nxa8 b6 11.Be3 Ba6 12.dxe5 Nxe5 13.Nxb6 axb6 14.Qd4 Nc4 15.h3 Nxe3
16.fxe3  1/2-1/2

[Event "Spring Festival 15th"]
[Site "Budapest"]
[Date "1999.03.21"]
[Round "5"]
[White "Nguyen Anh Dung"]
[Black "De Santis, Alessio"]
[Result "1/2-1/2"]
[WhiteElo "2485"]
[BlackElo "2356"]

1.d4 d6 2.e4 Nf6 3.Nc3 c6 4.Nf3 Bg4 5.Be2 e6 6.h3 Bh5 7.O-O d5 8.exd5 cxd5
9.Ne5 Bxe2 10.Qxe2 Nc6 11.Rd1 Be7 12.Bf4 a6 13.Rd3 O-O 14.Rad1 Rc8 15.Rg3 Kh8  1/2-1/2

[Event "BCF-chT 98/99 (4NCL)"]
[Site "GBR"]
[Date "1999.03.21"]
[Round "8"]
[White "Poulton, James"]
[Black "Dishman, Stephen"]
[Result "1/2-1/2"]
[WhiteElo "2370"]
[BlackElo "2365"]

1.d4 d6 2.e4 Nf6 3.Nc3 e5 4.dxe5 dxe5 5.Qxd8+ Kxd8 6.Bc4 Be6 7.Bxe6 fxe6
8.Be3 Bd6 9.f3 a6 10.Nh3 Ke7 11.Nf2 Nc6 12.Nd3 Nb4 13.Rc1 Rac8 14.Ke2 Nxd3
15.cxd3 c5 16.Rc2 Rc6 17.Rhc1 Rhc8 18.Nb1 Nd7 19.Nd2 b5 20.Nb3 R6c7 21.g3 Kd8
22.Na5 h6 23.f4 Ke7 24.Nb3 exf4 25.gxf4 e5 26.f5 Kf7 27.h3 Be7 28.Nd2 Bd6
29.Nf3 Nb8 30.Kd1 Nd7 31.Ke2  1/2-1/2

[Event "BL2-S9899"]
[Site "Germany"]
[Date "1999.03.21"]
[Round "8.4"]
[White "Schmidt Schaeffer, Sebastian"]
[Black "Miltner, Arndt"]
[Result "1-0"]
[WhiteElo "2334"]
[BlackElo "2389"]

1.e4 d6 2.d4 Nf6 3.Nc3 Nbd7 4.f4 e5 5.Be2 exd4 6.Qxd4 c6 7.Be3 d5 8.e5 Ng4
9.Qd2 Nxe3 10.Qxe3 Qb6 11.Qxb6 axb6 12.Bf3 Bc5 13.Nge2 b5 14.b3 Nb6 15.Nd1 Bf5
16.Kd2 O-O 17.g4 Bd7 18.Nb2 f6 19.exf6 Rxf6 20.Nd3 Bd6 21.Raf1 Re8 22.h3 c5
23.f5 g6 24.fxg6 hxg6 25.Bg2 Ref8 26.Rxf6 Rxf6 27.Rf1 Rxf1 28.Bxf1 b4 29.Bg2 Kf7
30.Ndf4 Bc6 31.g5 c4 32.h4 Bc5 33.Bf3 c3+ 34.Ke1 Bb5 35.Nxd5 Bc6 36.Nef4 Nxd5
37.Bxd5+ Bxd5 38.Nxd5 Ke6 39.Nf4+ Kf5 40.Ng2 Kg4 41.Ke2 b6 42.Kf1 Kf3 43.h5 gxh5
44.g6 Bd4 45.Ne1+ Kg4 46.Nd3 h4 47.Kg2 Bf6 48.Nxb4 h3+ 49.Kh1 Kf5 50.Nd5 Kxg6
51.Nxb6 Kf5 52.a4 Bd8 53.a5 Bc7 54.Nc4 Ke6 55.a6 Bb8 56.Na3 Kd5 57.Nb5 Kc5
58.a7 Bxa7 59.Nxa7 Kb4 60.Nc6+  1-0

[Event "Bundesliga 9899"]
[Site "Germany"]
[Date "1999.03.21"]
[Round "13.5"]
[White "Brynell, Stellan"]
[Black "Beckemeier, Werner"]
[Result "1/2-1/2"]
[WhiteElo "2489"]
[BlackElo "2373"]

1.e4 d6 2.d4 Nf6 3.Nc3 e5 4.dxe5 dxe5 5.Qxd8+ Kxd8 6.Bc4 Bb4 7.Bd2 Ke7 8.Nf3 Bd6
9.O-O-O h6 10.Nd5+ Nxd5 11.Bxd5 c6 12.Bb3 Bg4 13.Be3 Rd8 14.Rxd6 Kxd6 15.Rd1+ Kc7
16.Rxd8 Kxd8 17.Nxe5 Be6 18.Nxf7+ Ke7 19.Bxe6 Kxe6 20.Nd8+ Ke5 21.Nxb7 Kxe4
22.Nc5+ Kd5 23.a4 Kd6 24.c4 Nd7 25.Nxd7 Kxd7 26.Kc2 a6 27.Kc3 Rb8 28.b4 h5
29.h4 Ke6 30.Bc5 g6 31.g3 Ke5  1/2-1/2

[Event "MI Festival"]
[Site "Bucharest"]
[Date "1999.03.22"]
[Round "3"]
[White "Grigore, Nicolae Petre"]
[Black "Kostic, Mis"]
[Result "1-0"]
[WhiteElo "2285"]
[BlackElo "2218"]

1.e4 d6 2.d4 Nf6 3.Nc3 c6 4.f4 Qa5 5.Bd3 e5 6.Nf3 Nbd7 7.Be3 Be7 8.Qd2 a6
9.h3 Nh5 10.Ne2 Qxd2+ 11.Kxd2 Nxf4 12.Nxf4 exf4 13.Bxf4 Nb6 14.Rae1 Be6 15.Ng5 Bxg5
16.Bxg5 Kd7 17.b3 d5 18.Rhf1 Rhf8 19.Kd1 Nc8 20.exd5 cxd5 21.Bxh7 Nd6 22.Bd3 Nb5
23.a4 Nxd4 24.Be3 Nc6 25.Bc5 Ne7 26.Kd2 Rfe8 27.b4 g6 28.c3 Nf5 29.a5 Nd6
30.Bc2 Nb5 31.Rf6 Rac8 32.Re5 Nd6 33.Rxd5 Ke7 34.Rxe6+ Kxe6 35.Rxd6+ Ke5
36.Bb3 Red8 37.Rxd8 Rxd8+ 38.Bd4+ Kf4 39.Bxf7 g5 40.Bh5 Rd7 41.Bf3  1-0

[Event "Spring Festival 15th"]
[Site "Budapest"]
[Date "1999.03.22"]
[Round "6"]
[White "Lengyel, Bela"]
[Black "Francsics, Endre"]
[Result "1-0"]
[WhiteElo "2350"]
[BlackElo "2270"]

1.e4 d6 2.d4 Nf6 3.Nc3 Nbd7 4.Nf3 e5 5.Bc4 Be7 6.O-O O-O 7.a4 c6 8.Ba2 a5
9.h3 Qc7 10.Be3 exd4 11.Nxd4 Nc5 12.Qf3 Be6 13.Nxe6 Nxe6 14.Rad1 Rad8 15.Qg3 Nh5
16.Qg4 Nf6 17.Qg3 Nh5 18.Qf3 Nf6 19.Rfe1 Rd7 20.g4 h6 21.h4 Nh7 22.h5 Bg5
23.Qg3 Qd8 24.Rf1 Bxe3 25.fxe3 Qb6 26.e5 Qxb2 27.e4 Nhg5 28.exd6 Nxe4 29.Nxe4 Qxa2
30.Qc3 Qxa4 31.Qe5 b6 32.Qf5 Nd4 33.Qxd7 Ne2+ 34.Kf2 Qxe4 35.Qe7 Nc3 36.Kg3 f6
37.Rfe1 Qb4 38.Qxf8+  1-0

[Event "MI Festival"]
[Site "Bucharest"]
[Date "1999.03.23"]
[Round "4"]
[White "Velcheva, Maria"]
[Black "Covlea, Vlad"]
[Result "1/2-1/2"]
[WhiteElo "2283"]
[BlackElo "2293"]

1.e4 d6 2.d4 Nf6 3.Nc3 c6 4.f4 Qa5 5.Bd3 e5 6.Nf3 Nbd7 7.Bd2 Qb6 8.Na4 Qc7
9.c4 exd4 10.Nxd4 g6 11.O-O Bg7 12.Bb4 O-O 13.e5 dxe5 14.Bxf8 Nxf8 15.fxe5 Qxe5
16.Nf3 Qh5 17.Nc3 Be6 18.Qe2 N8d7 19.h3 Nc5 20.Nd2 Nxd3 21.Qxd3 Qc5+ 22.Kh1 Bf5
23.Qf3 Qb4 24.Nde4 Nxe4 25.Nxe4 Qxb2 26.Nd6 Be6 27.Rab1 Qd4 28.Rfd1 Qh4 29.Rxb7 Rd8
30.c5 Be5 31.Rc7 Bd5 32.Qe3 Bf4 33.Qc3 Be5 34.Qxe5 Qxh3+ 35.Qh2 Bxg2+ 36.Kg1 Qe3+
37.Kxg2 Qe2+ 38.Kg3 Qe5+ 39.Kh3 Qh5+ 40.Kg3 Qe5+ 41.Kh3 Qh5+ 42.Kg2 Qe2+  1/2-1/2

[Event "Spring Festival 15th"]
[Site "Budapest"]
[Date "1999.03.24"]
[Round "8"]
[White "Letay, Gyula"]
[Black "Schubert, Gerhard"]
[Result "1-0"]
[WhiteElo "2220"]
[BlackElo "2105"]

1.e4 d6 2.Nc3 Nf6 3.d4 c6 4.Be3 Ng4 5.Bf4 e5 6.Bg3 Qa5 7.Nf3 Nd7 8.Be2 Be7
9.O-O O-O 10.a3 Re8 11.b4 Qc7 12.Qd2 Ngf6 13.h3 h6 14.Bc4 Nh5 15.Bh2 g5 16.Rad1 Bf6
17.dxe5 dxe5 18.Ne2 Nf8 19.Qd6 Qb6 20.Nxe5 Be6 21.Nd7 Nxd7 22.Bxe6 Rxe6 23.Qxd7 Rd8
24.Qc7 Qxc7 25.Bxc7 Rc8 26.Rd7 Rxe4 27.Nc1 Re7 28.Rxe7 Bxe7 29.Be5 Bf6 30.Bxf6 Nxf6
31.Nd3 Re8 32.Rc1 Ne4 33.f4 Nc3 34.Kf2 f6 35.f5 Kf7 36.Kf3 Ne2 37.Rd1 Nd4+
38.Kf2 Re2+ 39.Kf1 Re8 40.Nc5 Nxf5 41.Kf2 b6 42.Nb3 Re7 43.Rd3 h5 44.Nd4 Nxd4
45.Rxd4 h4 46.Rd6 Rc7 47.c4 c5 48.bxc5 Ke7 49.cxb6 Kxd6 50.bxc7 Kxc7 51.Ke3 Kd6
52.Kd4 a5 53.c5+ Ke6 54.c6 Kd6 55.Ke4 Kxc6 56.Kf5 Kb5  1-0

[Event "IND-ch"]
[Site "Nagpur"]
[Date "1999.03.25"]
[Round "3"]
[White "Bakre, Tejas"]
[Black "Koshy, Varugeese"]
[Result "1/2-1/2"]
[WhiteElo "2333"]
[BlackElo "2368"]

1.e4 d6 2.d4 Nf6 3.Nc3 e5 4.dxe5 dxe5 5.Qxd8+ Kxd8 6.Bc4 Be6 7.Bxe6 fxe6
8.Be3 Bd6 9.Nge2 Nc6 10.f3 Ke7 11.O-O-O a6 12.Kb1 h6 13.Nc1 Na5 14.b3  1/2-1/2

[Event "MI Festival"]
[Site "Bucharest"]
[Date "1999.03.27"]
[Round "8"]
[White "Ionescu Brandis, Irina"]
[Black "Covlea, Vlad"]
[Result "1-0"]
[WhiteElo "2281"]
[BlackElo "2293"]

1.e4 d6 2.d4 Nf6 3.Nc3 c6 4.f4 Qa5 5.e5 Ne4 6.Qf3 Nxc3 7.Bd2 Bf5 8.Bd3 e6
9.bxc3 Bxd3 10.cxd3 Nd7 11.Ne2 O-O-O 12.c4 Qc7 13.O-O f5 14.Rfc1 g5 15.exd6 Bxd6
16.c5 Bxf4 17.Nxf4 gxf4 18.Bxf4 Qa5 19.Rc4 Nf6 20.Be5 Rhf8 21.Bd6 Rxd6 22.cxd6 Qd5
23.Qf4 Rg8 24.g3 Nh5 25.Qe5 f4 26.Rc5 Qxe5 27.Rxe5 Nf6 28.Rxe6 Nd5 29.Kf2 Kd7
30.Rh6 Rg7 31.a3 b5 32.Rg1 fxg3+ 33.Rxg3 Rxg3 34.hxg3 a5 35.Kf3 Nc3 36.Kf4 b4
37.axb4 axb4 38.Ke5 b3 39.Rxh7+ Kc8 40.Ke6 b2 41.d7+ Kc7 42.Rh8  1-0

[Event "BEL-chT9899"]
[Site "Antwerp"]
[Date "1999.03.??"]
[Round "8"]
[White "Van Beek, Lucien"]
[Black "Usachyi, Vladimir"]
[Result "1-0"]
[WhiteElo "2320"]
[BlackElo "2235"]

1.d4 d6 2.e4 Nf6 3.Nc3 c6 4.a4 Nbd7 5.Nf3 e5 6.Bc4 Be7 7.O-O O-O 8.Re1 Qc7
9.a5 exd4 10.Nxd4 Ne5 11.Bb3 Bd7 12.Bf4 Rad8 13.h3 Qc8 14.Qe2 Rfe8 15.Nf3 Ng6
16.Be3 h6 17.Bxa7 Nf4 18.Qe3 N6h5 19.Ne2 Bg5 20.Nxg5 hxg5 21.Nxf4 gxf4 22.Qf3 Re5
23.Rad1 Be6 24.Bb6 Re8 25.Rxd6 Bd5 26.Bd4 Rg5 27.Bxd5 cxd5 28.c3 dxe4 29.Rxe4 Rxe4
30.Qxe4 Rxa5 31.Bb6 Ra1+ 32.Kh2 Nf6 33.Qxf4 Ne8 34.Rd8 Qe6 35.Qe3 Re1 36.Qxe6 Rxe6
37.Bc5 Kh7 38.Rb8 Nf6 39.Rxb7 Kg6 40.Bd4 Ne4 41.Rb6 Rxb6 42.Bxb6 Kf5 43.g3 Nd6
44.f3 Nc4 45.Bd4 Nxb2 46.Bxg7 f6 47.g4+ Kg6 48.Bf8 Nc4 49.Kg3 Nd2 50.Kf4 Nc4
51.Bc5 Nd2 52.Bd4 Nc4 53.h4 Nd6 54.Ke3 f5 55.Kd3  1-0

[Event "ISR-chT"]
[Site "Israel"]
[Date "1999.04.02"]
[Round "6"]
[White "Roiz, Michael"]
[Black "Oratovsky, Michael"]
[Result "1/2-1/2"]
[WhiteElo "2355"]
[BlackElo "2480"]

1.d4 d6 2.e4 Nf6 3.Nc3 Nbd7 4.Nf3 e5 5.Bc4 Be7 6.O-O O-O 7.a4 c6 8.Re1 a5
9.h3 exd4 10.Nxd4 Nc5 11.Bf4 Qb6 12.Nb3 Be6 13.Bxe6 Nxe6 14.Be3 Qc7 15.Nd4 Nxd4
16.Qxd4 Nd7 17.Rad1 Rad8 18.Qc4 Rc8 19.Rd2 Rfe8 20.Red1 Bf8 21.Bf4 Re6 22.Rd4 Ne5
23.Qb3 Rce8 24.Bg3 Nd7 25.Qc4 Nc5 26.b3 h6 27.Kh1 Qb6 28.f3 Qc7 29.R1d2 Rg6
30.Bh2 b6 31.Ne2 Rge6  1/2-1/2

[Event "Dreifluesse op 7th"]
[Site "Passau"]
[Date "1999.04.02"]
[Round "1"]
[White "Albers, Frank"]
[Black "Muetz, Gunnar"]
[Result "0-1"]
[WhiteElo "1765"]
[BlackElo "2200"]

1.e4 d6 2.d4 Nf6 3.Nc3 c6 4.f4 Qa5 5.Bd2 Qb6 6.e5 Nd5 7.Nxd5 cxd5 8.Bc3 Bf5
9.Ne2 h5 10.Ng3 Bg4 11.Qd3 Nc6 12.h3 Bd7 13.exd6 e6 14.Be2 h4 15.Nf1 Bxd6
16.Qd2 Qc7 17.Ne3 Bxf4 18.O-O O-O-O 19.Kh1 f6 20.b4 Ne7 21.Qd3 Bxe3 22.Qxe3 Nf5
23.Qd3 Ng3+ 24.Kg1 Nxe2+ 25.Qxe2 Qxc3 26.Rad1 Qxb4 27.Rf3 Qd6 28.Rb1 Bc6
29.Rc3 e5 30.Qb5 Kd7 31.Qe2 Qe6 32.dxe5 fxe5 33.Rxc6 bxc6 34.Rb7+ Ke8 35.Rxg7 Rd7
36.Rg5 e4 37.Qa6 Rf7 38.Rxd5 Qxd5 39.Qc8+ Ke7 40.Qxh8 Qc5+ 41.Kh2 Qd6+ 42.Kg1 Qf6
43.Qc8 e3 44.Qc7+ Kf8 45.Qc8+ Kg7 46.Qg4+ Kh6 47.Qe4 Qf2+ 48.Kh1 Qe1+ 49.Kh2 Qg3+
50.Kg1 Rf1+  0-1

[Event "EST-chT"]
[Site "Tallinn"]
[Date "1999.04.02"]
[Round "1"]
[White "Zjukin, Sergei"]
[Black "Neff, Sergei"]
[Result "1/2-1/2"]
[WhiteElo "2398"]
[BlackElo "2230"]

1.e4 d6 2.d4 Nf6 3.Nc3 e5 4.dxe5 dxe5 5.Qxd8+ Kxd8 6.Bc4 Be6 7.Bxe6 fxe6
8.Nf3 Nc6 9.Be3 Bb4 10.Bd2 Ke7  1/2-1/2

[Event "Doeberl Cup op"]
[Site "Canberra"]
[Date "1999.04.03"]
[Round "3"]
[White "Viner, Phillip"]
[Black "Morrison, Chris"]
[Result "1/2-1/2"]
[WhiteElo "2174"]
[BlackElo "2160"]

1.d4 d6 2.e4 Nf6 3.Nc3 e5 4.dxe5 dxe5 5.Qxd8+ Kxd8 6.Bc4 Be6 7.Bxe6 fxe6
8.Nf3 Nc6 9.O-O Bd6 10.Re1 Ke7 11.Be3 Bb4 12.Re2 Bxc3 13.Bc5+ Kf7 14.bxc3 b6
15.Ba3 h6 16.c4 Rhd8 17.Bb2 Nd7 18.Kf1 Na5 19.Bxe5 c5 20.Rd1 Nxe5 21.Rxd8 Rxd8
22.Nxe5+ Kf6 23.f4 Rd1+ 24.Kf2 g5 25.g3 h5 26.c3 Rh1 27.Ke3 Rd1 28.Rd2 Rxd2
29.Kxd2 h4 30.Kd3 hxg3 31.hxg3 gxf4 32.gxf4 Ke7 33.Ng4 Nb7 34.e5 Kf7 35.Ne3 Kg6
36.Ke2 Na5 37.Kf2 Nc6 38.Kf3 Na5 39.Ke4 a6 40.f5+ exf5+ 41.Kf4 b5 42.cxb5 axb5
43.Nxf5 b4 44.cxb4 cxb4 45.Nd6 b3 46.axb3 Nxb3 47.Ke4 Nc5+ 48.Kd5 Nd3  1/2-1/2

[Event "Dreifluesse op 7th"]
[Site "Passau"]
[Date "1999.04.03"]
[Round "4"]
[White "Enders, Peter"]
[Black "Deglmann, Ludwig"]
[Result "1-0"]
[WhiteElo "2474"]
[BlackElo "2346"]

1.e4 d6 2.d4 Nf6 3.Nc3 e5 4.Nf3 Nbd7 5.Bc4 Be7 6.O-O O-O 7.a4 c6 8.Be2 b6
9.Bg5 a6 10.Bxf6 Bxf6 11.d5 c5 12.Bc4 g6 13.g3 h5 14.Qe2 Kg7 15.h4 Ra7 16.Kg2 Be7
17.Nh2 Nf6 18.Kh1 Qd7 19.Rg1 Bd8 20.f3 Rh8 21.Nd1 Qe7 22.Nf2 Nd7 23.Bd3 Nf8
24.Rg2 Qf6 25.Rag1 Ra8 26.Nf1 Nd7 27.Ne3 Kf8 28.b3 Ra7 29.Rh2 Ke8 30.Ng2 Nf8
31.c3 Qe7 32.Ne3 Qf6 33.Nc4 Nd7 34.Nh3 Kf8 35.Ng5 Kg7 36.Rf1 Qe7 37.f4 Rf8
38.Rhf2 b5 39.Ne3 bxa4 40.bxa4 Nf6 41.f5 Qe8 42.Qd1 Bd7 43.Bc2 Rb7 44.Kg1 Rh8
45.Nc4 Qf8 46.fxg6 Kxg6 47.Qf3 Qe7 48.Nxf7 Kxf7 49.Qxf6+ Qxf6 50.Rxf6+ Bxf6
51.Nxd6+ Kg7 52.Nxb7  1-0

[Event "Dreifluesse op 7th"]
[Site "Passau"]
[Date "1999.04.04"]
[Round "5"]
[White "Derix, Bernhard"]
[Black "Muetz, Gunnar"]
[Result "0-1"]
[WhiteElo "1955"]
[BlackElo "2200"]

1.e4 d6 2.d4 Nf6 3.Nc3 c6 4.f3 Qb6 5.Bc4 Nbd7 6.Bb3 a5 7.Nge2 Qa6 8.a4 g6
9.Bf4 Nb6 10.d5 Bg7 11.h4 h5 12.Nd4 Bd7 13.Qd2 Rc8 14.dxc6 bxc6 15.Be3 c5
16.Ndb5 c4 17.Bxb6 Qxb6 18.Ba2 Qc5 19.Rd1 O-O 20.Qf2 Qb4 21.O-O Bxb5 22.Nxb5 Qxa4
23.Nc3 Qb4 24.Rb1 e6 25.Nd1 Nd7 26.c3 Qa4 27.Ra1 Ne5 28.Ne3 Qb5 29.Bb1 Rb8
30.f4 Nd7 31.Nd1 f5 32.Qe2 Rfe8 33.Qf3 d5 34.e5 Bf8 35.Kh1 Nc5 36.Bc2 a4
37.Qg3 Kg7 38.Qe3 Nb3 39.Rb1 Bc5 40.Qe2 d4 41.cxd4 Nxd4 42.Qd2 Nxc2 43.Qxc2 Qb3
44.Qxb3 Rxb3 45.Rc1 Rb4 46.Nc3 Be3 47.Rcd1 Rxb2 48.Rd7+ Kf8 49.Nxa4 Rf2 50.Rxf2 Bxf2
51.Rc7 Bg3 52.Nb6 Re7 53.Rxc4 Ra7 54.Ra4 Rxa4 55.Nxa4 Bxf4 56.Nc5 Ke7 57.Nd3 Bg3
58.Kg1 Bxh4 59.Kh2 Bg5 60.Kg3 Bd2 61.Kh4 Be3 62.Nb2 Kf7 63.Nc4 Bc5 64.Kg5 Kg7
65.Nd6 Bxd6 66.exd6 Kf7 67.d7 Ke7 68.d8=Q+ Kxd8 69.Kxg6 Ke7 70.Kxh5 Kf6 71.Kh4 Ke5
72.Kg3 Ke4 73.Kf2 Kd3 74.Kf3 e5 75.g3 e4+ 76.Kf4 e3 77.Kxf5  0-1

[Event "Dreifluesse op 7th"]
[Site "Passau"]
[Date "1999.04.04"]
[Round "6"]
[White "Seidel, Michael"]
[Black "Barthel, Ansgar"]
[Result "0-1"]
[WhiteElo "2090"]
[BlackElo "2216"]

1.e4 Nf6 2.Nc3 d6 3.d4 c6 4.a4 Nbd7 5.Nf3 e5 6.Be2 a5 7.O-O Be7 8.Re1 O-O
9.h3 Qc7 10.Be3 Re8 11.dxe5 dxe5 12.Bc4 Nc5 13.Qe2 Rf8 14.Ng5 b6 15.Red1 h6
16.Nf3 Ne6 17.Kh2 Nd4 18.Qd2 Rd8 19.Qc1 Nxf3+ 20.gxf3 Rxd1 21.Qxd1 Nh5 22.Nd5 cxd5
23.Qxd5 Bf8 24.Qxa8 Qxc4 25.Rd1 Qc7 26.Rd3 Nf4 27.Rc3 Bc5 28.Bxf4 exf4 29.Qd5 Be6
30.Qd3 Qe7 31.Qf1 Qh4 32.b3 Bxf2 33.Rd3 Qg3+  0-1

[Event "Hampstead IM-A 5th"]
[Site "London"]
[Date "1999.04.07"]
[Round "1"]
[White "Cooper, Lawrence"]
[Black "Pribyl, Josef"]
[Result "1-0"]
[WhiteElo "2325"]
[BlackElo "2422"]

1.e4 d6 2.d4 Nf6 3.Nc3 e5 4.Nf3 Nbd7 5.Bc4 Be7 6.O-O O-O 7.a4 c6 8.Qe2 b6
9.Rd1 Qc7 10.d5 c5 11.Ne1 a6 12.Nd3 Ne8 13.Rf1 Qd8 14.g3 Rb8 15.f4 Nc7 16.Ne1 exf4
17.gxf4 Bf6 18.Bd2 Re8 19.Nf3 Nf8 20.Rae1 Ng6 21.Qg2 b5 22.Ba2 b4 23.Nd1 Qd7
24.e5 dxe5 25.fxe5 Nxe5 26.Nxe5 Bxe5 27.d6 Bd4+ 28.Be3 Ne6 29.Bxd4 cxd4 30.Nf2 Bb7
31.Qg3 Kh8 32.Nd3 Qxa4 33.Bxe6 fxe6 34.Ne5 Rf8 35.Nf7+ Kg8 36.Nh6+ Kh8 37.Rf7 Rxf7
38.Nxf7+ Kg8 39.Nh6+ Kh8 40.d7 Ra8 41.Qc7 gxh6 42.d8=Q+ Rxd8 43.Qxd8+ Kg7
44.Qe7+ Kg6 45.Qxe6+  1-0

[Event "Hampstead IM-A 5th"]
[Site "London"]
[Date "1999.04.10"]
[Round "4"]
[White "Anderton, Matthew"]
[Black "Norris, Alan J"]
[Result "0-1"]
[WhiteElo "2273"]
[BlackElo "2332"]

1.e4 d6 2.d4 Nf6 3.Nc3 e5 4.Nf3 Nbd7 5.Bc4 Be7 6.a4 O-O 7.O-O c6 8.Ba2 b6
9.Qe2 a6 10.Rd1 Qc7 11.h3 Rb8 12.Bg5 b5 13.axb5 axb5 14.Qe3 b4 15.Ne2 exd4
16.Nexd4 Re8 17.Bxf7+ Kxf7 18.Qb3+ d5 19.Ne6 Kxe6 20.exd5+ cxd5 21.Rxd5 Nxd5
22.Nd4+ Kd6 23.Nf5+ Ke5 24.g4 Bxg5 25.Re1+ Kf6 26.Rxe8 Bb7  0-1

[Event "ISR-chT"]
[Site "Israel"]
[Date "1999.04.16"]
[Round "8"]
[White "Zifroni, Dov"]
[Black "Erenburg, Sergey"]
[Result "1-0"]
[WhiteElo "2501"]
[BlackElo "2362"]

1.e4 d6 2.d4 Nf6 3.Nc3 Nbd7 4.g3 e5 5.Nge2 b5 6.Nxb5 Nxe4 7.Bg2 Bb7 8.O-O a6
9.Nbc3 Nxc3 10.Nxc3 Bxg2 11.Kxg2 Be7 12.dxe5 Nxe5 13.Nd5 O-O 14.b3 Re8 15.Bb2 Bf8
16.f4 Nd7 17.Qf3 Nb6 18.Nxb6 cxb6 19.Rad1 Qc7 20.Rf2 b5 21.Qd5 Rac8 22.f5 Qc6
23.f6 Qxd5+ 24.Rxd5 Rc5 25.Rdd2 Rec8 26.Bd4 R5c6 27.Kf3 gxf6 28.Ke4 Bg7 29.Kf5 Kf8
30.c3 Re8 31.Rfe2 d5 32.Rxe8+ Kxe8 33.g4 Re6 34.g5 Re1 35.gxf6 Rf1+ 36.Rf2 Rxf2+
37.Bxf2 Bf8 38.Ke5 b4 39.Be1 bxc3 40.Bxc3 Kd7 41.Kxd5 Bd6 42.h3 Ba3 43.b4 Kc7
44.Kc5 a5 45.Kb5 axb4 46.Bxb4 Bb2 47.Be7 Bd4 48.a4 Kb7 49.a5 Kc7 50.a6 Bb2
51.Bd6+ Kc8 52.Kc6  1-0

[Event "Golden Cleopatra op 3rd"]
[Site "Cairo"]
[Date "1999.04.17"]
[Round "7"]
[White "Abdel Aziem, Ramadan"]
[Black "El Taher, Fouad"]
[Result "0-1"]
[WhiteElo "2189"]
[BlackElo "2468"]

1.e4 d6 2.d4 Nf6 3.Nc3 Nbd7 4.Nf3 e5 5.dxe5 dxe5 6.Bc4 Be7 7.Bg5 c6 8.a4 O-O
9.Qe2 Qc7 10.Bh4 a5 11.O-O Nb6 12.Bb3 h6 13.Rad1 Re8 14.Bg3 Bc5 15.Rd3 Nbd7
16.Nh4 Nf8 17.Nf5 Ne6 18.Rfd1 Nf4 19.Bxf4 exf4 20.Nd6 Bg4 21.Nxe8 Rxe8 22.Qd2 Bxd1
23.Qxd1 Nxe4 24.Rd7 Nxf2 25.Bxf7+ Kf8 26.Rxc7 Nxd1+ 27.Kf1 Ne3+ 28.Ke2 Re7
29.Rxe7 Kxe7 30.Bb3 Bd4 31.Ne4 Nxg2 32.c3 Be3 33.Bc2 Nh4 34.b4 axb4 35.cxb4 Nf5
36.Kd3 Ke6 37.Bd1 Ke5 38.Bg4 Ne7 39.Nc3 Bf2 40.Bf3 Be1 41.a5 Nd5 42.Nxd5 cxd5
43.Bg4 Kd6 44.Bc8 Kc7 45.a6 bxa6 46.Bxa6 Bxb4 47.Ke2 Kd6 48.Bd3 Ke5 49.Bg6 Kd4
50.Bf7 Bd6 51.h3 Ke4 52.Bg6+ Ke5 53.Bf7 d4 54.Bc4 Kf5 55.Kf2 Kg5 56.Bd3 Kh4
57.Bf5 g5 58.Kg2 h5 59.Kf3 Bc7 60.Kg2 g4  0-1

[Event "Golden Cleopatra op 3rd"]
[Site "Cairo"]
[Date "1999.04.18"]
[Round "8"]
[White "Tissir, Mohamed"]
[Black "Ahmed, Esam Aly"]
[Result "0-1"]
[WhiteElo "2303"]
[BlackElo "2337"]

1.e4 d6 2.d4 Nf6 3.Nc3 c6 4.Nf3 Bg4 5.h3 Bxf3 6.Qxf3 Qb6 7.e5 Nfd7 8.exd6 Qxd4
9.Nb5 Qe5+ 10.Be3 Na6 11.O-O-O Qf6 12.Qe4 Qe5 13.Qf3 Qf6 14.dxe7 Bxe7 15.Nd6+ Bxd6
16.Bxa6 Be5 17.Qxf6 Nxf6 18.Bxb7 Bxb2+ 19.Kb1 Rb8 20.Bxc6+ Ke7 21.Bc5+ Ke6
22.Rd6+ Kf5 23.g4+ Kg6 24.Be4+ Kg5 25.Be3+ Kh4 26.Rxf6 gxf6 27.Bxa7 Rb4 28.Bc5 Rb5
29.Bd3 Rxc5 30.Kxb2 Ra5 31.Bc4 Ra4 32.Bxf7 Rf4 33.Bb3 Rb8 34.Rd1 Kxh3 35.Rh1+ Kxg4
36.Rxh7 Rxf2 37.a4 f5 38.Ra7 f4 39.a5 Rd2 40.Rg7+ Kh3 41.Kc1 Rdd8 42.Bc4 f3
43.a6 Rb4 44.Bd3 f2 45.Rf7 Kg3 46.a7 Rf4 47.Rg7+ Rg4 48.Rf7 Rgg8 49.Kb2 Rdf8
50.Rb7 Kg2 51.c4 Rd8 52.Be2 Rd2+ 53.Kc3 Rxe2 54.Rb8 Rg3+  0-1

[Event "St Quentin op"]
[Site "St Quentin"]
[Date "1999.04.18"]
[Round "2"]
[White "Licayan, Albert"]
[Black "Bouguerra, Tayeb"]
[Result "1-0"]
[WhiteElo "2130"]
[BlackElo "2033"]

1.e4 d6 2.d4 Nf6 3.Nc3 c6 4.Bd3 e5 5.Nge2 Be7 6.O-O Bg4 7.f3 Be6 8.a4 Na6
9.Kh1 Nb4 10.Be3 h5 11.f4 Ng4 12.Bg1 Bf6 13.d5 Bd7 14.Bc4 Qe7 15.f5 Bg5 16.Rf3 a5
17.Bb3 c5 18.Bc4 Nf6 19.Nb5 Nxe4 20.Nc7+ Kf8 21.Nxa8 Nd2 22.Nb6 Be8 23.Rh3 Qd8
24.Be3 Ne4 25.Nc3 Nxc3 26.bxc3 Bxe3 27.Rxe3 Qxb6 28.cxb4 cxb4 29.Rh3 f6 30.Bb3 Bf7
31.Qd3 Ke7 32.Rh4 Be8 33.Qg3 Kf8 34.Rc4 Bd7 35.Rf1 Qa6 36.Kg1 b5 37.axb5 Bxb5
38.Rc6 Bxc6 39.dxc6 Qxc6 40.Qg6 d5 41.Rd1 Rh6 42.Qg3 d4 43.Qd3 h4 44.Ra1 h3
45.Qf3 e4 46.Qf4 e3 47.Qb8+ Ke7 48.Qa7+ Qd7 49.Qxa5 Qd6 50.Qa7+ Qd7 51.Qc5+ Ke8
52.Ra8+ Qd8 53.Ba4+ Kf7 54.Rxd8 e2 55.Bb3+  1-0